[Event "ABC 2024 Utrecht, Groep A"]
[Site "Utrecht"]
[Date "2024.03.10"]
[Round "5.3"]
[White "Zhu, Chenwu"]
[Black "Madularea, David"]
[Result "1/2-1/2"]
[WhiteElo "2042"]
[BlackElo "2035"]

1. e4 {[%clk 00:55:17]} {[%emt 00:00:03]} c6 {[%clk 00:55:01]} {[%emt
00:00:20]} 2. d4 {[%clk 00:55:21]} {[%emt 00:00:06]} d5 {[%clk 00:55:08]}
{[%emt 00:00:03]} 3. Nc3 {[%clk 00:55:22]} {[%emt 00:00:09]} dxe4 {[%clk
00:55:14]} {[%emt 00:00:03]} 4. Nxe4 {[%clk 00:55:28]} {[%emt 00:00:04]} Nf6
{[%clk 00:54:40]} {[%emt 00:00:44]} 5. Nxf6+ {[%clk 00:55:33]} {[%emt
00:00:05]} gxf6 {[%clk 00:54:44]} {[%emt 00:00:06]} 6. c3 {[%clk 00:54:27]}
{[%emt 00:01:17]} Qd5 {[%clk 00:54:49]} {[%emt 00:00:05]} 7. Qf3 {[%clk
00:52:41]} {[%emt 00:01:55]} Bf5 {[%clk 00:54:47]} {[%emt 00:00:13]} 8. Qxd5
{[%clk 00:49:53]} {[%emt 00:02:58]} cxd5 {[%clk 00:51:56]} {[%emt 00:03:01]} 9.
Ne2 {[%clk 00:49:26]} {[%emt 00:00:37]} Nc6 {[%clk 00:44:58]} {[%emt 00:07:08]}
10. Nf4 {[%clk 00:45:09]} {[%emt 00:04:27]} O-O-O {[%clk 00:44:02]} {[%emt
00:01:06]} 11. Bd3 {[%clk 00:44:19]} {[%emt 00:01:00]} Bxd3 {[%clk 00:43:03]}
{[%emt 00:01:09]} 12. Nxd3 {[%clk 00:44:27]} {[%emt 00:00:02]} h5 {[%clk
00:39:19]} {[%emt 00:03:54]} 13. g3 {[%clk 00:38:59]} {[%emt 00:05:38]} e5
{[%clk 00:33:46]} {[%emt 00:05:42]} 14. Be3 {[%clk 00:36:24]} {[%emt 00:02:45]}
Bd6 {[%clk 00:30:48]} {[%emt 00:03:08]} 15. O-O-O {[%clk 00:34:11]} {[%emt
00:02:23]} b6 {[%clk 00:26:35]} {[%emt 00:04:23]} 16. f3 {[%clk 00:30:04]}
{[%emt 00:04:18]} h4 {[%clk 00:22:28]} {[%emt 00:04:16]} 17. dxe5 {[%clk
00:27:32]} {[%emt 00:02:42]} fxe5 {[%clk 00:20:51]} {[%emt 00:01:47]} 18. Bg5
{[%clk 00:26:48]} {[%emt 00:00:55]} Rd7 {[%clk 00:16:23]} {[%emt 00:04:38]} 19.
Bxh4 {[%clk 00:25:32]} {[%emt 00:01:25]} e4 {[%clk 00:15:28]} {[%emt 00:01:05]}
20. fxe4 {[%clk 00:21:28]} {[%emt 00:04:15]} dxe4 {[%clk 00:15:32]} {[%emt
00:00:06]} 21. Ne1 {[%clk 00:18:06]} {[%emt 00:03:32]} f5 {[%clk 00:14:18]}
{[%emt 00:01:23]} 22. Bf6 {[%clk 00:12:49]} {[%emt 00:05:28]} Rh6 {[%clk
00:10:00]} {[%emt 00:04:28]} 23. Bg5 {[%clk 00:12:58]} {[%emt 00:00:01]} Rh5
{[%clk 00:09:58]} {[%emt 00:00:12]} 24. Bf4 {[%clk 00:12:24]} {[%emt 00:00:44]}
Bxf4+ {[%clk 00:09:42]} {[%emt 00:00:26]} 25. gxf4 {[%clk 00:12:33]} {[%emt
00:00:02]} Rh4 {[%clk 00:06:56]} {[%emt 00:02:55]} 26. Ng2 {[%clk 00:12:09]}
{[%emt 00:00:34]} Rxd1+ {[%clk 00:06:27]} {[%emt 00:00:38]} 27. Kxd1 {[%clk
00:12:17]} {[%emt 00:00:02]} Rg4 {[%clk 00:06:32]} {[%emt 00:00:06]} 28. Rg1
{[%clk 00:11:48]} {[%emt 00:00:39]} Ne7 {[%clk 00:06:29]} {[%emt 00:00:12]} 29.
Ke1 {[%clk 00:07:56]} {[%emt 00:04:03]} Nd5 {[%clk 00:04:01]} {[%emt 00:02:38]}
30. Kf1 {[%clk 00:06:28]} {[%emt 00:01:37]} Nxf4 {[%clk 00:03:48]} {[%emt
00:00:23]} 31. Ne3 {[%clk 00:06:25]} {[%emt 00:00:14]} Rh4 {[%clk 00:03:41]}
{[%emt 00:00:17]} 32. Nxf5 {[%clk 00:06:05]} {[%emt 00:00:30]} Rxh2 {[%clk
00:03:48]} {[%emt 00:00:03]} 33. Nd6+ {[%clk 00:04:58]} {[%emt 00:01:17]} Kc7
{[%clk 00:03:03]} {[%emt 00:00:55]} 34. Nxe4 {[%clk 00:05:06]} {[%emt
00:00:02]} Rxb2 {[%clk 00:03:05]} {[%emt 00:00:08]} 35. Rg7+ {[%clk 00:05:14]}
{[%emt 00:00:02]} Kb8 {[%clk 00:03:13]} {[%emt 00:00:02]} 36. Nd6 {[%clk
00:04:27]} {[%emt 00:00:57]} Rd2 {[%clk 00:01:35]} {[%emt 00:01:48]} 37. Rg8+
{[%clk 00:02:35]} {[%emt 00:02:02]} Kc7 {[%clk 00:01:45]} 38. Nb5+ {[%clk
00:02:31]} {[%emt 00:00:13]} Kd7 {[%clk 00:00:48]} {[%emt 00:01:07]} 39. Rg7+
{[%clk 00:02:32]} {[%emt 00:00:09]} Ke6 {[%clk 00:00:51]} {[%emt 00:00:05]} 40.
Rxa7 {[%clk 00:02:21]} {[%emt 00:00:22]} Nd3 {[%clk 00:00:30]} {[%emt
00:00:31]} 41. Ra6 {[%clk 00:01:30]} {[%emt 00:01:00]} Kd5 {[%clk 00:00:25]}
{[%emt 00:00:16]} 42. Rxb6 {[%clk 00:01:27]} {[%emt 00:00:14]} Rxa2 {[%clk
00:00:22]} {[%emt 00:00:13]} 43. Rb8 {[%clk 00:01:11]} {[%emt 00:00:24]} Ne5
{[%clk 00:00:18]} {[%emt 00:00:16]} 44. Re8 {[%clk 00:00:52]} {[%emt 00:00:28]}
Nf3 {[%clk 00:00:19]} {[%emt 00:00:09]} 45. Rf8 {[%emt 00:00:32]} 1/2-1/2

[Event "ABC 2024 Utrecht, Groep A"]
[Site "Utrecht"]
[Date "2024.03.10"]
[Round "5.4"]
[White "Van de Poel, Jona"]
[Black "Khatniuk, Anastasiia"]
[Result "0-1"]
[WhiteElo "1862"]
[BlackElo "1980"]

1. e4 {[%clk 00:55:16]} {[%emt 00:00:03]} c5 {[%clk 00:34:22]} {[%emt
00:20:59]} 2. Nf3 {[%clk 00:55:18]} {[%emt 00:00:08]} e6 {[%clk 00:34:29]}
{[%emt 00:00:03]} 3. d4 {[%clk 00:55:23]} {[%emt 00:00:05]} cxd4 {[%clk
00:34:36]} {[%emt 00:00:03]} 4. Nxd4 {[%clk 00:55:28]} {[%emt 00:00:05]} a6
{[%clk 00:34:44]} {[%emt 00:00:03]} 5. a3 {[%clk 00:55:33]} {[%emt 00:00:05]}
b5 {[%clk 00:34:38]} {[%emt 00:00:16]} 6. a4 {[%clk 00:55:35]} {[%emt
00:00:08]} b4 {[%clk 00:33:49]} {[%emt 00:00:59]} 7. Bd3 {[%clk 00:55:38]}
{[%emt 00:00:06]} Bb7 {[%clk 00:33:38]} {[%emt 00:00:21]} 8. Be3 {[%clk
00:54:16]} {[%emt 00:01:32]} Nf6 {[%clk 00:33:04]} {[%emt 00:00:45]} 9. Nd2
{[%clk 00:54:20]} {[%emt 00:00:06]} Qc7 {[%clk 00:32:58]} {[%emt 00:00:15]} 10.
O-O {[%clk 00:53:23]} {[%emt 00:01:07]} d5 {[%clk 00:32:16]} {[%emt 00:00:52]}
11. exd5 {[%clk 00:51:31]} {[%emt 00:02:02]} Nxd5 {[%clk 00:32:14]} {[%emt
00:00:11]} 12. Bg5 {[%clk 00:41:58]} {[%emt 00:09:44]} Bd6 {[%clk 00:29:38]}
{[%emt 00:02:45]} 13. Qh5 {[%clk 00:39:31]} {[%emt 00:02:38]} g6 {[%clk
00:27:18]} {[%emt 00:02:30]} 14. Qh4 {[%clk 00:34:52]} {[%emt 00:04:47]} Be5
{[%clk 00:21:04]} {[%emt 00:06:26]} 15. N2f3 {[%clk 00:31:46]} {[%emt
00:03:16]} Bg7 {[%clk 00:20:56]} {[%emt 00:00:18]} 16. Bh6 {[%clk 00:29:45]}
{[%emt 00:02:12]} Bf6 {[%clk 00:18:32]} {[%emt 00:02:34]} 17. Qe4 {[%clk
00:28:27]} {[%emt 00:01:26]} Nc6 {[%clk 00:15:30]} {[%emt 00:03:12]} 18. Nxe6
{[%clk 00:24:28]} {[%emt 00:04:10]} fxe6 {[%clk 00:13:02]} {[%emt 00:02:38]} 19.
Qxe6+ {[%clk 00:24:00]} {[%emt 00:00:39]} Nce7 {[%clk 00:12:31]} {[%emt
00:00:41]} 20. Be4 {[%clk 00:21:30]} {[%emt 00:02:39]} Bc8 {[%clk 00:11:38]}
{[%emt 00:01:04]} 21. Bxg6+ {[%clk 00:18:39]} {[%emt 00:03:01]} hxg6 {[%clk
00:11:41]} {[%emt 00:00:06]} 22. Qe4 {[%clk 00:18:46]} {[%emt 00:00:03]} Rxh6
{[%clk 00:11:33]} {[%emt 00:00:18]} 23. Rad1 {[%clk 00:18:53]} {[%emt
00:00:04]} Bf5 {[%clk 00:11:01]} {[%emt 00:00:42]} 24. Qe2 {[%clk 00:18:58]}
{[%emt 00:00:05]} Kf7 {[%clk 00:11:01]} {[%emt 00:00:10]} 0-1

[Event "ABC 2024 Utrecht, Groep A"]
[Site "Utrecht"]
[Date "2024.03.10"]
[Round "5.5"]
[White "Knol, Daniel"]
[Black "Kleibeuker, Mika"]
[Result "1/2-1/2"]
[WhiteElo "1957"]
[BlackElo "1926"]

1. e4 {[%clk 00:55:19]} c6 {[%clk 00:55:13]} {[%emt 00:00:07]} 2. d4 {[%clk
00:55:25]} {[%emt 00:00:04]} d5 {[%clk 00:55:21]} {[%emt 00:00:03]} 3. exd5
{[%clk 00:55:30]} {[%emt 00:00:05]} cxd5 {[%clk 00:55:27]} {[%emt 00:00:03]} 4.
c4 {[%clk 00:55:35]} {[%emt 00:00:05]} Nf6 {[%clk 00:55:35]} {[%emt 00:00:02]}
5. Nc3 {[%clk 00:55:41]} {[%emt 00:00:05]} Nc6 {[%clk 00:55:42]} {[%emt
00:00:03]} 6. Nf3 {[%clk 00:55:46]} {[%emt 00:00:05]} Bg4 {[%clk 00:55:49]}
{[%emt 00:00:02]} 7. cxd5 {[%clk 00:55:22]} {[%emt 00:00:35]} Nxd5 {[%clk
00:55:53]} {[%emt 00:00:04]} 8. Qb3 {[%clk 00:55:28]} {[%emt 00:00:05]} Bxf3
{[%clk 00:55:59]} {[%emt 00:00:05]} 9. gxf3 {[%clk 00:55:34]} {[%emt 00:00:04]}
e6 {[%clk 00:56:03]} {[%emt 00:00:05]} 10. Qxb7 {[%clk 00:55:41]} {[%emt
00:00:04]} Nxd4 {[%clk 00:56:10]} {[%emt 00:00:03]} 11. Bb5+ {[%clk 00:55:44]}
{[%emt 00:00:06]} Nxb5 {[%clk 00:56:18]} {[%emt 00:00:03]} 12. Qc6+ {[%clk
00:55:36]} {[%emt 00:00:18]} Ke7 {[%clk 00:56:25]} {[%emt 00:00:02]} 13. Qxb5
{[%clk 00:55:42]} {[%emt 00:00:05]} Qd7 {[%clk 00:56:31]} {[%emt 00:00:04]} 14.
Nxd5+ {[%clk 00:54:21]} {[%emt 00:01:31]} Qxd5 {[%clk 00:55:05]} {[%emt
00:01:36]} 15. Qxd5 {[%clk 00:53:40]} {[%emt 00:00:50]} exd5 {[%clk 00:55:10]}
{[%emt 00:00:05]} 16. O-O {[%clk 00:52:36]} {[%emt 00:01:13]} Kf6 {[%clk
00:55:19]} {[%emt 00:00:02]} 17. Rd1 {[%clk 00:51:51]} {[%emt 00:00:55]} Rd8
{[%clk 00:48:57]} {[%emt 00:06:32]} 18. Be3 {[%clk 00:51:55]} {[%emt 00:00:06]}
Rd7 {[%clk 00:49:02]} {[%emt 00:00:05]} 19. Rac1 {[%clk 00:51:30]} {[%emt
00:00:35]} Be7 {[%clk 00:34:53]} {[%emt 00:14:19]} 20. Rc6+ {[%clk 00:50:14]}
{[%emt 00:01:26]} Ke5 {[%clk 00:34:52]} {[%emt 00:00:11]} 21. Ra6 {[%clk
00:46:32]} {[%emt 00:03:52]} Ra8 {[%clk 00:19:40]} {[%emt 00:15:22]} 22. f4+
{[%clk 00:28:34]} {[%emt 00:18:07]} Kf5 {[%clk 00:17:37]} {[%emt 00:02:13]} 23.
Ra5 {[%clk 00:28:19]} {[%emt 00:00:26]} Ke6 {[%clk 00:16:50]} {[%emt 00:00:57]}
24. f5+ {[%clk 00:18:11]} {[%emt 00:10:17]} Ke5 {[%clk 00:16:57]} {[%emt
00:00:04]} 25. Kg2 {[%clk 00:17:39]} {[%emt 00:00:42]} Bb4 {[%clk 00:14:52]}
{[%emt 00:02:15]} 26. Rb5 {[%clk 00:17:42]} {[%emt 00:00:07]} a5 {[%clk
00:12:59]} {[%emt 00:02:02]} 27. a3 {[%clk 00:17:22]} {[%emt 00:00:30]} Be7
{[%clk 00:13:06]} {[%emt 00:00:03]} 28. Kf3 {[%clk 00:17:10]} {[%emt 00:00:22]}
Bd8 {[%clk 00:09:50]} {[%emt 00:03:27]} 29. Bd4+ {[%clk 00:15:30]} {[%emt
00:01:50]} Kxf5 {[%clk 00:09:31]} {[%emt 00:00:29]} 30. Bxg7 {[%clk 00:15:39]}
Ke6 {[%clk 00:09:14]} {[%emt 00:00:27]} 31. Bc3 {[%clk 00:12:35]} {[%emt
00:03:14]} Bc7 {[%clk 00:08:23]} {[%emt 00:01:01]} 32. h3 {[%clk 00:11:03]}
{[%emt 00:01:42]} a4 {[%clk 00:06:07]} {[%emt 00:02:25]} 33. Re1+ {[%clk
00:08:38]} {[%emt 00:02:35]} Kd6 {[%clk 00:05:22]} {[%emt 00:00:55]} 34. Bd4
{[%clk 00:06:43]} {[%emt 00:02:06]} Kc6 {[%clk 00:04:36]} {[%emt 00:00:55]} 35.
Rb4 {[%clk 00:05:47]} {[%emt 00:01:06]} Rdd8 {[%clk 00:02:41]} {[%emt
00:02:05]} 36. Rc1+ {[%clk 00:05:42]} {[%emt 00:00:15]} Kd6 {[%clk 00:02:19]}
{[%emt 00:00:33]} 37. Rxc7 {[%clk 00:05:34]} {[%emt 00:00:18]} Kxc7 {[%clk
00:02:27]} {[%emt 00:00:02]} 38. Bb6+ {[%clk 00:05:44]} Kd7 {[%clk 00:02:29]}
{[%emt 00:00:08]} 39. Bxd8 {[%clk 00:05:49]} {[%emt 00:00:05]} Kxd8 {[%clk
00:02:38]} {[%emt 00:00:01]} 40. Rb5 {[%clk 00:05:43]} {[%emt 00:00:16]} Ke7
{[%clk 00:02:31]} {[%emt 00:00:17]} 41. Rxd5 {[%clk 00:05:45]} {[%emt
00:00:07]} Rb8 {[%clk 00:02:40]} {[%emt 00:00:02]} 42. Ra5 {[%clk 00:04:39]}
{[%emt 00:01:15]} Rxb2 {[%clk 00:02:46]} {[%emt 00:00:03]} 43. Rxa4 {[%clk
00:04:49]} {[%emt 00:00:02]} Rb3+ {[%clk 00:02:55]} {[%emt 00:00:01]} 44. Kg4
{[%clk 00:04:20]} {[%emt 00:00:39]} f5+ {[%clk 00:02:32]} {[%emt 00:00:32]} 45.
Kxf5 {[%clk 00:03:14]} {[%emt 00:01:16]} Rxh3 {[%clk 00:02:32]} {[%emt
00:00:10]} 46. f4 {[%clk 00:03:01]} {[%emt 00:00:23]} h5 {[%clk 00:01:18]}
{[%emt 00:01:24]} 47. Kg5 {[%clk 00:02:54]} {[%emt 00:00:18]} h4 {[%clk
00:00:41]} {[%emt 00:00:47]} 48. f5 {[%clk 00:03:03]} Rf3 {[%clk 00:00:39]}
{[%emt 00:00:13]} 49. f6+ {[%clk 00:02:07]} {[%emt 00:01:06]} Kf7 {[%clk
00:00:37]} {[%emt 00:00:12]} 50. Ra7+ {[%clk 00:01:37]} {[%emt 00:00:40]} Ke6
{[%clk 00:00:46]} {[%emt 00:00:01]} 51. Re7+ {[%clk 00:01:04]} {[%emt
00:00:42]} Kd6 {[%clk 00:00:55]} {[%emt 00:00:01]} 52. Rh7 {[%clk 00:00:16]}
{[%emt 00:00:59]} Ke6 {[%clk 00:00:19]} {[%emt 00:00:46]} 53. Re7+ {[%clk
00:00:16]} {[%emt 00:00:10]} Kd6 {[%clk 00:00:28]} {[%emt 00:00:01]} 54. Rh7
{[%clk 00:00:25]} Ke6 {[%emt 00:00:01]} 55. Rxh4 {[%clk 00:00:16]} {[%emt
00:00:19]} Rxf6 {[%clk 00:00:20]} 56. Re4+ {[%clk 00:00:26]} Kf7 {[%clk
00:00:29]} {[%emt 00:00:29]} 57. a4 {[%clk 00:00:29]} {[%emt 00:00:07]} Ra6
{[%clk 00:00:34]} {[%emt 00:00:04]} 58. Kf4 {[%clk 00:00:29]} {[%emt 00:00:10]}
Kf6 {[%clk 00:00:42]} {[%emt 00:00:02]} 59. Ke3 {[%clk 00:00:38]} {[%emt
00:00:01]} Re6 {[%clk 00:00:23]} {[%emt 00:00:30]} 60. a5 {[%clk 00:00:19]}
{[%emt 00:00:29]} Ra6 {[%clk 00:00:32]} 61. Ra4 {[%clk 00:00:21]} {[%emt
00:00:08]} Ke5 {[%clk 00:00:41]} 62. Rh4 {[%clk 00:00:24]} {[%emt 00:00:07]}
Kd5 {[%clk 00:00:49]} {[%emt 00:00:02]} 63. Kd3 {[%clk 00:00:15]} {[%emt
00:00:19]} Kc5 {[%clk 00:00:57]} {[%emt 00:00:03]} 64. Rh5+ {[%clk 00:00:18]}
{[%emt 00:00:06]} Kd5 {[%emt 00:00:14]} 65. Kd4+ {[%clk 00:00:12]} 1/2-1/2

[Event "ABC 2024 Utrecht, Groep A"]
[Site "Utrecht"]
[Date "2024.03.10"]
[Round "5.6"]
[White "Mulder, Lars"]
[Black "Van Arendonk, Polle"]
[Result "0-1"]
[WhiteElo "1538"]
[BlackElo "1930"]

1. e4 {[%clk 00:55:11]} {[%emt 00:00:01]} c5 {[%clk 00:53:24]} {[%emt
00:01:57]} 2. Nf3 {[%clk 00:55:16]} {[%emt 00:00:05]} d6 {[%clk 00:53:31]}
{[%emt 00:00:03]} 3. d4 {[%clk 00:55:21]} {[%emt 00:00:04]} cxd4 {[%clk
00:53:38]} {[%emt 00:00:03]} 4. Nxd4 {[%clk 00:55:25]} {[%emt 00:00:06]} Nf6
{[%clk 00:53:44]} {[%emt 00:00:04]} 5. Nc3 {[%clk 00:55:31]} {[%emt 00:00:05]}
a6 {[%clk 00:53:52]} {[%emt 00:00:02]} 6. Bd3 {[%clk 00:54:46]} {[%emt
00:00:55]} e5 {[%clk 00:53:21]} {[%emt 00:00:41]} 7. Nb3 {[%clk 00:54:35]}
{[%emt 00:00:21]} Be7 {[%clk 00:52:40]} {[%emt 00:00:51]} 8. O-O {[%clk
00:53:37]} {[%emt 00:01:07]} O-O {[%clk 00:52:35]} {[%emt 00:00:16]} 9. Re1
{[%clk 00:50:09]} {[%emt 00:03:38]} Nbd7 {[%clk 00:49:41]} {[%emt 00:03:04]} 10.
Be3 {[%clk 00:47:51]} {[%emt 00:02:28]} b5 {[%clk 00:49:23]} {[%emt 00:00:28]}
11. a4 {[%clk 00:41:31]} {[%emt 00:06:30]} b4 {[%clk 00:49:28]} {[%emt
00:00:05]} 12. Nd5 {[%clk 00:40:41]} {[%emt 00:00:59]} Nxd5 {[%clk 00:48:53]}
{[%emt 00:00:46]} 13. exd5 {[%clk 00:40:43]} {[%emt 00:00:08]} a5 {[%clk
00:46:15]} {[%emt 00:02:48]} 14. Be4 {[%clk 00:32:15]} {[%emt 00:08:37]} f5
{[%clk 00:45:31]} {[%emt 00:00:55]} 15. Bd3 {[%clk 00:27:59]} {[%emt 00:04:27]}
Bb7 {[%clk 00:40:59]} {[%emt 00:04:41]} 16. Bc4 {[%clk 00:21:58]} {[%emt
00:06:11]} Nb6 {[%clk 00:33:41]} {[%emt 00:07:28]} 17. Bxb6 {[%clk 00:19:43]}
{[%emt 00:02:25]} Qxb6 {[%clk 00:33:49]} {[%emt 00:00:02]} 18. Qd3 {[%clk
00:17:27]} {[%emt 00:02:26]} Rac8 {[%clk 00:31:03]} {[%emt 00:02:57]} 19. Rad1
{[%clk 00:12:20]} {[%emt 00:05:16]} Bh4 {[%clk 00:28:04]} {[%emt 00:03:09]} 20.
g3 {[%clk 00:09:43]} {[%emt 00:02:47]} Bf6 {[%clk 00:26:43]} {[%emt 00:01:31]}
21. Nd2 {[%clk 00:07:10]} {[%emt 00:02:43]} e4 {[%clk 00:24:55]} {[%emt
00:01:58]} 22. Qe3 {[%clk 00:04:40]} {[%emt 00:02:40]} Qxe3 {[%clk 00:23:44]}
{[%emt 00:01:21]} 23. Rxe3 {[%clk 00:04:34]} {[%emt 00:00:17]} Bg5 {[%clk
00:23:09]} {[%emt 00:00:45]} 24. Re2 {[%clk 00:02:45]} {[%emt 00:01:59]} Bxd2
{[%clk 00:23:12]} {[%emt 00:00:06]} 25. Rdxd2 {[%clk 00:02:37]} {[%emt
00:00:19]} Rxc4 {[%clk 00:23:09]} {[%emt 00:00:13]} 26. b3 {[%clk 00:02:26]}
{[%emt 00:00:21]} Rc5 {[%clk 00:23:14]} {[%emt 00:00:05]} 27. Rd4 {[%clk
00:02:09]} {[%emt 00:00:27]} Rfc8 {[%clk 00:23:14]} {[%emt 00:00:10]} 28. Rdd2
{[%clk 00:01:27]} {[%emt 00:00:52]} Kf7 {[%clk 00:22:59]} {[%emt 00:00:25]} 29.
Kg2 {[%clk 00:01:30]} {[%emt 00:00:06]} Bxd5 {[%clk 00:23:02]} {[%emt
00:00:07]} 30. Kh3 {[%clk 00:01:15]} {[%emt 00:00:25]} g5 {[%clk 00:22:42]}
{[%emt 00:00:30]} 31. Rd4 {[%clk 00:00:39]} {[%emt 00:00:47]} Be6 {[%clk
00:22:03]} {[%emt 00:00:49]} 32. Rxd6 {[%clk 00:00:28]} {[%emt 00:00:21]} f4+
{[%clk 00:22:07]} {[%emt 00:00:06]} 33. g4 {[%clk 00:00:36]} Rc3+ {[%clk
00:22:12]} {[%emt 00:00:05]} 0-1

[Event "ABC 2024 Utrecht, Groep A"]
[Site "Utrecht"]
[Date "2024.03.10"]
[Round "5.7"]
[White "Elferink, Leon"]
[Black "Imanol, Leorato"]
[Result "0-1"]
[WhiteElo "1804"]
[BlackElo "1892"]

1. Nf3 {[%clk 00:55:16]} {[%emt 00:00:03]} c5 {[%clk 00:54:07]} {[%emt
00:01:12]} 2. c4 {[%clk 00:55:20]} {[%emt 00:00:07]} Nc6 {[%clk 00:54:00]}
{[%emt 00:00:18]} 3. g3 {[%clk 00:55:17]} {[%emt 00:00:12]} g6 {[%clk
00:53:44]} {[%emt 00:00:26]} 4. Bg2 {[%clk 00:54:45]} {[%emt 00:00:43]} Bg7
{[%clk 00:53:33]} {[%emt 00:00:20]} 5. e3 {[%clk 00:53:02]} {[%emt 00:01:54]}
e5 {[%clk 00:52:18]} {[%emt 00:01:24]} 6. Nc3 {[%clk 00:51:32]} {[%emt
00:01:40]} d6 {[%clk 00:50:41]} {[%emt 00:01:46]} 7. O-O {[%clk 00:49:50]}
{[%emt 00:01:52]} Nge7 {[%clk 00:50:11]} {[%emt 00:00:40]} 8. Rb1 {[%clk
00:44:45]} {[%emt 00:05:17]} O-O {[%clk 00:49:54]} {[%emt 00:00:26]} 9. b3
{[%clk 00:44:30]} {[%emt 00:00:25]} h6 {[%clk 00:48:09]} {[%emt 00:01:55]} 10.
Bb2 {[%clk 00:44:02]} {[%emt 00:00:39]} Be6 {[%clk 00:46:48]} {[%emt 00:01:30]}
11. d4 {[%clk 00:43:10]} {[%emt 00:01:03]} cxd4 {[%clk 00:45:20]} {[%emt
00:01:37]} 12. exd4 {[%clk 00:42:46]} {[%emt 00:00:34]} d5 {[%clk 00:44:26]}
{[%emt 00:01:03]} 13. Nxd5 {[%clk 00:32:53]} {[%emt 00:10:04]} e4 {[%clk
00:23:34]} {[%emt 00:21:03]} 14. Nxe7+ {[%clk 00:31:29]} {[%emt 00:01:34]} Qxe7
{[%clk 00:22:43]} {[%emt 00:01:00]} 15. Nd2 {[%clk 00:25:31]} {[%emt 00:06:08]}
Nxd4 {[%clk 00:21:59]} {[%emt 00:00:55]} 16. Bxe4 {[%clk 00:21:13]} {[%emt
00:04:27]} Rad8 {[%clk 00:21:09]} {[%emt 00:01:00]} 17. Re1 {[%clk 00:19:11]}
{[%emt 00:02:12]} Qg5 {[%clk 00:15:07]} {[%emt 00:06:12]} 18. Nf3 {[%clk
00:17:00]} {[%emt 00:02:21]} Qc5 {[%clk 00:08:00]} {[%emt 00:07:16]} 19. Nxd4
{[%clk 00:14:30]} {[%emt 00:02:40]} Bxd4 {[%clk 00:07:40]} {[%emt 00:00:31]} 20.
Bxd4 {[%clk 00:13:29]} {[%emt 00:01:11]} Rxd4 {[%clk 00:07:10]} {[%emt
00:00:40]} 21. Qe2 {[%clk 00:13:29]} {[%emt 00:00:09]} b6 {[%clk 00:05:26]}
{[%emt 00:01:55]} 22. Rbd1 {[%clk 00:08:13]} {[%emt 00:05:26]} Rfd8 {[%clk
00:04:48]} {[%emt 00:00:47]} 23. Rxd4 {[%clk 00:08:11]} {[%emt 00:00:12]} Qxd4
{[%clk 00:04:56]} {[%emt 00:00:03]} 24. Bxg6 {[%clk 00:06:24]} {[%emt
00:01:57]} Bg4 {[%clk 00:04:22]} {[%emt 00:00:43]} 25. Qe4 {[%clk 00:04:13]}
{[%emt 00:02:22]} fxg6 {[%clk 00:03:30]} {[%emt 00:01:02]} 26. Qxg6+ {[%clk
00:04:12]} {[%emt 00:00:11]} Qg7 {[%clk 00:03:39]} {[%emt 00:00:01]} 27. Qe4
{[%clk 00:02:39]} {[%emt 00:01:40]} Rf8 {[%clk 00:02:04]} {[%emt 00:01:48]} 28.
Qd5+ {[%clk 00:02:30]} {[%emt 00:00:19]} Qf7 {[%clk 00:01:40]} {[%emt
00:00:34]} 29. Qd4 {[%clk 00:02:12]} {[%emt 00:00:26]} Qf3 {[%clk 00:00:59]}
{[%emt 00:00:53]} 30. Re4 {[%clk 00:01:16]} {[%emt 00:01:06]} Bh3 {[%clk
00:00:39]} {[%emt 00:00:30]} 31. Qd5+ {[%clk 00:01:02]} {[%emt 00:00:23]} Rf7
{[%clk 00:00:25]} {[%emt 00:00:25]} 32. Re8+ {[%clk 00:00:50]} {[%emt
00:00:21]} Kg7 {[%clk 00:00:34]} {[%emt 00:00:02]} 33. Qe5+ {[%clk 00:00:43]}
{[%emt 00:00:16]} Rf6 {[%clk 00:00:24]} {[%emt 00:00:21]} 34. Re7+ {[%clk
00:00:41]} {[%emt 00:00:11]} Kg6 {[%clk 00:00:25]} {[%emt 00:00:10]} 35. Qe4+
{[%clk 00:00:37]} {[%emt 00:00:14]} Qxe4 {[%clk 00:00:28]} {[%emt 00:00:07]} 36.
Rxe4 {[%clk 00:00:45]} Re6 {[%clk 00:00:35]} {[%emt 00:00:03]} 37. f3 {[%clk
00:00:33]} {[%emt 00:00:23]} Rxe4 {[%clk 00:00:44]} {[%emt 00:00:01]} 38. fxe4
{[%clk 00:00:42]} Kf6 {[%clk 00:00:51]} {[%emt 00:00:03]} 39. Kf2 {[%clk
00:00:51]} {[%emt 00:00:01]} Ke5 {[%clk 00:01:01]} 40. Ke3 {[%clk 00:01:00]}
Bg2 {[%clk 00:01:02]} {[%emt 00:00:09]} 41. g4 {[%clk 00:00:50]} {[%emt
00:00:20]} Bxe4 {[%emt 00:00:03]} 42. h4 {[%clk 00:00:59]} Bb1 {[%clk
00:01:15]} {[%emt 00:00:05]} 43. a3 {[%clk 00:01:07]} {[%emt 00:00:01]} Ba2
{[%clk 00:01:22]} {[%emt 00:00:04]} 44. c5 {[%clk 00:01:13]} {[%emt 00:00:04]}
bxc5 {[%clk 00:01:24]} {[%emt 00:00:08]} 45. b4 {[%clk 00:01:20]} {[%emt
00:00:03]} c4 {[%clk 00:01:31]} {[%emt 00:00:03]} 46. g5 {[%clk 00:01:25]}
{[%emt 00:00:04]} hxg5 {[%clk 00:01:35]} {[%emt 00:00:06]} 47. hxg5 {[%clk
00:01:18]} {[%emt 00:00:17]} Bb1 {[%clk 00:01:44]} {[%emt 00:00:02]} 48. a4
{[%clk 00:01:18]} {[%emt 00:00:10]} c3 {[%clk 00:01:49]} {[%emt 00:00:04]} 49.
a5 {[%clk 00:01:19]} {[%emt 00:00:09]} Kd5 {[%clk 00:01:58]} {[%emt 00:00:01]}
50. b5 {[%clk 00:01:06]} {[%emt 00:00:23]} Kc5 {[%clk 00:02:07]} {[%emt
00:00:01]} 51. b6 {[%clk 00:01:16]} axb6 {[%clk 00:02:16]} 52. a6 {[%clk
00:01:24]} {[%emt 00:00:01]} Kc6 {[%clk 00:02:25]} {[%emt 00:00:01]} 53. Ke2
{[%clk 00:01:32]} {[%emt 00:00:02]} b5 {[%clk 00:02:29]} {[%emt 00:00:07]} 54.
Kd1 {[%clk 00:01:39]} {[%emt 00:00:03]} Kb6 {[%clk 00:02:36]} {[%emt 00:00:03]}
55. Kc1 {[%clk 00:01:47]} Bg6 {[%clk 00:02:45]} {[%emt 00:00:01]} 0-1